All 50 States and Capitals - Statistics

General Stats
  • This quiz has been taken 1,053 times
    1,021 since last reset
  • The average score is 34 of 50
Answer Stats
Capital and State % Correct
Sacramento,California
82%
Albany,New York
81%
Austin,Texas
79%
Atlanta,Georgia
77%
Juneau,Alaska
77%
Montgomery,Alabama
77%
Denver,Colorado
76%
Phoenix,Arizona
76%
Tallahassee,Florida
75%
Honolulu,Hawaii
74%
Little Rock,Arkansas
73%
Indianapolis,Indiana
71%
Olympia,Washington
71%
Boise,Idaho
70%
Santa Fe,New Mexico
70%
Columbus,Ohio
69%
Nashville,Tennessee
69%
Oklahoma City,Oklahoma
69%
Baton Rouge,Louisiana
68%
Helena,Montana
68%
Salem,Oregon
68%
Salt Lake City,Utah
68%
Springfield,Illinois
68%
Augusta,Maine
67%
Dover,Delaware
66%
Raleigh,North Carolina
66%
Richmond,Virginia
66%
Boston,Massachusetts
65%
Carson City,Nevada
65%
Cheyenne,Wyoming
65%
Hartford,Connecticut
65%
Jackson,Mississippi
65%
Providence,Rhode Island
65%
Topeka,Kansas
65%
DesMoines,Iowa
64%
Bismarck,North Dakota
63%
Lincoln,Nebraska
63%
Pierre,South Dakota
63%
Trenton,New Jersey
63%
Annapolis,Maryland
62%
Frankfort,Kentucky
62%
Lansing,Michigan
62%
Charleston,West Virginia
60%
Harrisburg,Pennsylvania
60%
Madison,Wisconson
60%
Montpelier,Vermont
60%
St. Paul,Minnesota
60%
Columbia,South Carolina
59%
Jefferson City,Missouri
59%
Concord,New Hampshire
58%
No matching quizzes found
Score Distribution
Percent of People with Each Score
Percentile by Number Answered
Your Score History
You have not taken this quiz since the last reset